000 00595cam a2200145 4500500
005 20251228093448.0
041 _afre
042 _adc
100 1 0 _aAucouturier, Michel
_eauthor
245 0 0 _aOleg V. BUDNICKIJ, éd. Russko-evrejskaja kul′tura Sbornik statej [La culture russo-juive Recueil d’articles] Moscou : ROSSPEN, 2006, 495 p.
260 _c2007.
500 _a72
786 0 _nCahiers du monde russe | Vol 48 | 4 | 2007-12-01 | p. 666zza-860zza | 1252-6576
856 4 1 _uhttps://shs.cairn.info/revue-cahiers-du-monde-russe-2007-4-page-666zza?lang=fr&redirect-ssocas=7080
999 _c1604491
_d1604491